00968cam a22003254i 4500003000900000005001700009008004100026035001900067040003300086082001700119100003400136245002600170264003300196300003900229336002100268337002500289338002300314505020900337526001000546526001000556526001000566526001000576526000800586526000800594526000800602526000800610526000800618526000800626526000800634PE-LiUPU20250731173232.0150625s1972 sp r 000 0 spa d a(Sirsi) a34662 aPE-LiUPUbspacPE-LiUPUerda04a230bN542211 aNicolás, Adolfo de,eautor.10aTeologia del Proceso. 1aBarcelona :bSigueme,c1972. a416, páginas ;c19 centímetros atext2rdacontent aunmediated2rdamedia avolume2rdacarrier0 aReflexión teologíca sobre la creación, las realidades terrestres y la actividad humana -- formación pluridimensasional de la teología de la historía -- reflexión sobre la iglesia n el mundo. aSEG42 aSEG41 aSEG40 aSEG39 aP94 aP87 aP86 aP85 aP77 aP76 aP35